| 000 | 04514cam a22005295i 4500 | ||
|---|---|---|---|
| 001 | data | ||
| 005 | 20260322212101.0 | ||
| 006 | data | ||
| 007 | data | ||
| 008 | data | ||
| 035 | _a21771909 | ||
| 906 |
_a0 _bibc _corigres _du _encip _f20 _gy-gencatlg |
||
| 925 | 0 |
_aacquire _epcnspringer _xpolicy default |
|
| 010 | _a 2019761269 | ||
| 020 | _a9783642373244 | ||
| 024 | 7 |
_a10.1007/978-3-642-37324-4 _2doi |
|
| 035 | _a(DE-He213)978-3-642-37324-4 | ||
| 040 |
_aDLC _beng _erda _erda _cDLC |
||
| 072 | 7 |
_aMED058000 _2bisacsh |
|
| 072 | 7 |
_aMQC _2bicssc |
|
| 072 | 7 |
_aMQC _2thema |
|
| 082 | 0 | 4 |
_a610.73 _223 |
| 097 | 0 | 0 | _aRT1-120 |
| 245 | 0 | 0 |
_aPersonalentwicklung in Pflege- und Gesundheitseinrichtungen : _bErfolgreiche Konzepte und Praxisbeispiele aus dem In-und Ausland / _cherausgegeben von Renate Tewes, Alfred Stockinger. |
| 250 | _a1st ed. 2014. | ||
| 264 | 1 |
_aBerlin, Heidelberg : _bImprint: Springer, _bImprint: Springer, _c2014. |
|
| 300 | _a1 online resource (XXIII, 258 S. 51 Abb., 46 Abb. in Farbe.) | ||
| 336 |
_atext _btxt _2rdacontent |
||
| 337 |
_acomputer _bc _2rdamedia |
||
| 338 |
_aonline resource _bcr _2rdacarrier |
||
| 347 |
_atext file _bPDF _2rda |
||
| 505 | 0 | _aPersonalentwicklung im Fokus von Kliniken und Pflegeeinrichtungen -- Erfolgreiche Personalentwicklungsprojekte am Universitätsklinikum Freiburg im Pflege- und Prozessmanagement -- Vom klassischen Pflegemanagement zur fortschrittlichen Pflegeentwicklung: Auf dem Weg zu einem neuen Selbstverständnis in der Führung des Pflegedienstes am Robert-Bosch-Krankenhaus in Stuttgart -- Teamkompetenztraining am Universitätsklinikum Tübingen - Eine neue Form der Personalentwicklung -- Trainee-Programm zur Entwicklung und Qualifizierung von Führungsnachwuchskräften im Pflegedienst am Universitätsklinikum Regensburg -- Personalentwicklung in der Altenhilfe dargestellt am Praxisbeispiel der Unternehmensgruppe Mediana/Seniana -- Personalentwicklung bei einem Bildungsanbieter -- Stressmanagement in der britischen Pflege -- Evidenzbasiertes Management verbessert die Berufszufriedenheit in der Türkei -- Entwicklung resilienter Pflegefachkräfte in der australischen Pflege -- Integration von ausländischen Pflegefachkräften in die stationäre Altenpflege Norwegens -- Practice Development - ein Konzept zur Entwicklung der beruflichen Pflegepraxis in Irland -- Einführung komplementärer Heilmethoden in einem Akutkrankenhaus in den USA -- Ein Karrieremodell für die Pflege in der Schweiz -- Wohlbefinden fördern durch holistische Systemführung: Das Modell des Centers for Spirituality and Healing in den USA -- Zukunft der Personalentwicklung in der Pflege -- Anhang. | |
| 520 | _aPraxisbeispiele gelungener Personalentwicklung Personalentwicklung (PE) ist ein wichtiger Baustein für eine nachhaltige Mitarbeiterstruktur in Gesundheits- und Pflegeeinrichtungen. Dieses Handbuch unterstützt Personalverantwortliche ein PE-Konzept systematisch zu planen und einzelne Mitarbeiter und Berufsgruppen individuell zu fördern. Dazu erhalten sie Informationen zu folgenden Themen: Analyse des Entwicklungspotenzials in Ihrer Einrichtung Konzepte für eine ganzheitliche Personalentwicklung Erfolgreiche Praxisbeispiele aus dem Gesundheitswesen aus Deutschland, Europa und den USA Anleitungen und Instrumente für die Umsetzung Trends und innovative Ansätze für die Zukunft Profitieren Sie von den Erfahrungen anderer und nutzen Sie das Know-how für eine Personalentwicklung, die die Zukunft Ihrer Einrichtung sichert. Für alle Personalverantwortlichen und Einrichtungsleitungen in Krankenhäusern und Pflegeeinrichtungen. Der Schlüssel zu zufriedenen und hoch qualifizierten Mitarbeitern. | ||
| 588 | _aDescription based on publisher-supplied MARC data. | ||
| 650 | 0 | _aNursing administration. | |
| 650 | 0 |
_aNursing _xResearch. |
|
| 650 | 0 | _aNursing. | |
| 650 | 1 | 4 |
_aNursing. _0https://scigraph.springernature.com/ontologies/product-market-codes/H41005 |
| 650 | 2 | 4 |
_aNursing Management. _0https://scigraph.springernature.com/ontologies/product-market-codes/H41013 |
| 650 | 2 | 4 |
_aNursing Research. _0https://scigraph.springernature.com/ontologies/product-market-codes/H41030 |
| 700 | 1 |
_aStockinger, Alfred. _eeditor. |
|
| 700 | 1 |
_aTewes, Renate. _eeditor. |
|
| 776 | 0 | 8 |
_iPrint version: _tPersonalentwicklung in pflege- und gesundheitseinrichtungen. _z9783642373237 _w(DLC) 2013953631 |
| 776 | 0 | 8 |
_iPrinted edition: _z9783642373237 |
| 985 |
_aspringerpcn _ebatch6 |
||
| 991 |
_as-Online _hElectronic Resource |
||
| 999 |
_c1467 _d1467 |
||